Poznej svůj počítač /

Uložené v:
Podrobná bibliografia
Hlavný autor: Hardancourt, Anatole d (Autor)
Médium: Kniha
Jazyk:Czech
Vydavateľské údaje: Praha : Grada Publishing, 1995
Vydanie:1.vyd.
Predmet:
Tagy: Pridať tag
Žiadne tagy, Buďte prvý, kto otaguje tento záznam!

MARC

LEADER 00000nam a22000003a 4500
001 stu3902
005 20190206132420.9
008 960228s1995----xr------------------cze-d
020 |a 80-85623-18-8 
040 |a STU  |b slo 
041 0 |a cze 
044 |a xr 
080 |a 681.32 
100 1 |a Hardancourt, Anatole d  |4 aut 
245 1 |a Poznej svůj počítač /  |c [aut.] Hardancourt,Anatole, d 
250 |a 1.vyd. 
260 |a Praha :  |b Grada Publishing,  |c 1995 
300 |a 177 s 
650 7 |a počítače  |2 stusub 
650 7 |a počítačové systémy  |2 stusub 
996 |b E80468  |c E*80468  |l EE03  |s P  |a 0  |w stu3902_0001